| 000 | 00889 a2200205 4500 | ||
|---|---|---|---|
| 003 | Nust | ||
| 005 | 20221020191908.0 | ||
| 010 | _a 76018470 | ||
| 020 | _a0395249937 | ||
| 040 | _cNust | ||
| 082 | 0 | 0 | _a620.112,HOR |
| 100 |
_aHornsey _9101063 |
||
| 245 | 0 | 0 |
_aMechanics of materials : _ban individualized approach / _cEdward Hornsey ... [et al.]. |
| 260 |
_aBoston : _bHoughton Mifflin, _cc1977- |
||
| 300 |
_a258p _bill. ; _c24 cm. |
||
| 505 | _aUniform Stress And Strain (Page-1), Stress And Strain Transformation (Page-25), Torsion (Page-67), Stresses In Beams (Page-84), Lateral Deflections Of Beams (Page-109), Combined Loading (Page-128), Statically Indeterminate Structures (Page-137), Inelastic Actions (Page-152), Energy Method (Page-171), Stability Of Elastic Columns (Page-188). | ||
| 650 | 0 | _aMechanics, Applied. | |
| 700 | 1 |
_aHornsey, Edward. _9101064 |
|
| 942 |
_2ddc _cBK |
||
| 999 |
_c182803 _d182803 |
||